| 000 | 00549nam a22001817a 4500 | ||
|---|---|---|---|
| 005 | 20170824114958.0 | ||
| 010 | _aENG-120059 | ||
| 020 |
_c600.00 _a9789380203041 |
||
| 035 | _aEN-103591 | ||
| 037 | _bDBAD/PUB | ||
| 082 | _a745.5 | ||
| 100 | _aSuryavanshi,Rahul | ||
| 245 |
_a140 great arts and crafts from everyday materials for kids / _cby Rahul Suryavanshi |
||
| 260 |
_a Delhi _bSaroj Books _c2015 |
||
| 270 |
_aL-5/45,Kartar Nagar _bDelhi _e110053 |
||
| 300 |
_a199p. : _c23cm(Hb) _bill. |
||
| 942 |
_2ddc _cEN _h745.5 _mSUR |
||
| 999 |
_c143740 _d143740 |
||